U.S. Presidents Hometowns - Statistics

General Stats
  • This quiz has been taken 10 times
  • The average score is 11 of 44
Answer Stats
President Hometown % Correct
John Adams Braintree, MA
100%
William Henry Harrison Braintree, VA
100%
John F. Kennedy Brookline, MA
100%
Grover Cleveland Caldwell, NJ
100%
George H.W. Bush Milton, MA
100%
Theodore Roosevelt New York, NY
89%
Donald Trump New York, NY
89%
Barack Obama Honolulu, HI
67%
Andrew Jackson Charles City County, VA
56%
John Tyler Charles City County, VA
56%
James A. Garfield Moreland Hills, OH
44%
James K. Polk Pineville, NC
44%
William Taft Cincinnati, OH
33%
Benjamin Harrison North Bend, OH
33%
Ulysses S. Grant Point Pleasant, OH
33%
Joe Biden Scranton, PA
33%
Bill Clinton Hope, AR
22%
George W. Bush New Haven, CT
22%
Calvin Coolidge Plymouth, VE
11%
Andrew Johnson Raleigh, NC
11%
Zachary Taylor Barboursville, VA
0%
Warren Harding Blooming Grove, OH
0%
James Buchanan Cove Gap, PA
0%
Rutherford B. Hayes Delaware, OH
0%
Dwight Eisenhower Denison, TX
0%
Chester A. Arthur Fairfield, VE
0%
Franklin Pierce Hillsborough, NH
0%
Abraham Lincoln Hodgenville, KY
0%
Franklin D. Roosevelt Hyde Park, NY
0%
Martin Van Buren Kinderhook, NY
0%
Harry Truman Lamar, MO
0%
James Monroe Monroe Hall, VA
0%
William McKinley Niles, OH
0%
Gerald Ford Omaha, NE
0%
Jimmy Carter Plains, Georgia
0%
George Washington Popes Creek, VA
0%
James Madison Port Conway, VA
0%
Thomas Jefferson Shadwell, VA
0%
Woodrow Wilson Staunton, VA
0%
Lyndon B. Johnson Stonewall, TX
0%
Millard Filmore Summerhill, NY
0%
Ronald Reagan Tampico, IL
0%
Herbert Hoover West Branch, IA
0%
Richard Nixon Yorba Linda, CA
0%
No matching quizzes found
Score Distribution
Percent of People with Each Score
Percentile by Number Answered
Your Score History
You have not taken this quiz